000 00557nam a2200181Ia 4500
008 151202s9999||||xx |||||||||||||| ||und||
082 _bPNVM-65760
100 _aपेठे रमेश - संपा.
245 _aसुलोचना.
260 _bशकून प्रकाशन पुणे.
260 _c2007
300 _a208
600 _aपेठे रमेश - संपा.
630 _aसुलोचना.
700 _aपेठे रमेश - संपा.
730 _aसुलोचना.
942 _cBOOK
999 _c1332292
_d1332289